|
|
|
|
| LEADER |
00000nam0a2200000 4500 |
| 001 |
220717 |
| 005 |
20231031195454.0 |
| 010 |
|
|
|a 5376008061
|
| 035 |
|
|
|a (RuTPU)RU\TPU\book\240849
|
| 090 |
|
|
|a 220717
|
| 100 |
|
|
|a 20120829d1990 k y0rusy50 ca
|
| 101 |
0 |
|
|a rus
|
| 102 |
|
|
|a MD
|
| 105 |
|
|
|a y z 001zy
|
| 200 |
1 |
|
|a Итеративные цепные классы псевдобулевых функций
|f М. Ф. Раца
|g Академия наук Молдавской ССР (АН МССР), Институт математики с вычислительным центром (ИМсВЦ)
|
| 210 |
|
|
|a Кишинев
|c Штиинца
|d 1990
|
| 215 |
|
|
|a 238 с.
|c ил.
|
| 320 |
|
|
|a Библиогр.: с. 233-235.
|
| 610 |
1 |
|
|a псевдобулевые функции
|
| 610 |
1 |
|
|a итеративные классы
|
| 610 |
1 |
|
|a понятия
|
| 610 |
1 |
|
|a формулировки
|
| 675 |
|
|
|a 510.6
|v 3
|
| 675 |
|
|
|a 519.7
|v 3
|
| 700 |
|
1 |
|a Раца
|b М. Ф.
|g Мефодий Федорович
|
| 712 |
0 |
2 |
|a Академия наук Молдавской ССР (АН МССР)
|b Институт математики с вычислительным центром (ИМсВЦ)
|2 stltpush
|3 (RuTPU)RU\TPU\col\15145
|
| 801 |
|
1 |
|a RU
|b 63413507
|c 20120829
|
| 801 |
|
2 |
|a RU
|b 63413507
|c 20120830
|g RCR
|
| 942 |
|
|
|c BK
|